000 01157nam0a22003131 4500
001 RU\INFOCOMM_322\NLR\5000103929
005 20250613110030.0
035 _a(NLR Aleph) 009542860
090 _a8957657
_c8957657
100 _a20121212d1982 |||y0rusy50 ca
101 0 _aeng
102 _aRU
105 _ay z |||||
200 1 _aMulticellular spheroids as an in vitro tumor model
_fS. Kozubek, G. Erzgräber
210 _aДубна
_cОбъед. ин-т ядер. исслед.
_d1982
215 _a8 с.
_cграф.
_d21 см
225 1 _aПрепринт
_fОбъед. ин-т ядер. исслед., Дубна
_vЕ19-82-589
300 _aВ вып. дан.: Многоклеточные сфероиды как модель опухоли / Козубек С., Эрцгребер Г.
300 _aРез. на рус. яз.
300 _a"Submitted to "Acta radiol. oncology""
320 _aБиблиогр.: с. 8
686 _aР56в
_2rubbk
700 1 _aKozubek
_bS.
_gStanislav
701 1 _aErzgräber
_bG.
801 1 _aRU
_bNLR
_c20121212
801 0 _aRU
_bINFOCOMM
_gPSBO
852 _aNLR
_jМд41 Д-4/20
942 _cBOOK
980 _aNB